书目信息 |
| 题名: |
3分钟糖尿病健康疗法
|
|
| 作者: | 陈广垠 主编 | |
| 分册: | ||
| 出版信息: | 合肥 安徽科学技术出版社 2019 |
|
| 页数: | 214页 | |
| 开本: | 24cm | |
| 丛书名: | ||
| 单 册: | ||
| 中图分类: | R587.105 | |
| 科图分类: | ||
| 主题词: | 糖尿病--治疗 | |
| 电子资源: | ||
| ISBN: | 978-7-5337-7616-9 | |
| 000 | 00986nam0 2200229 45 | |
| 001 | 012001003493 | |
| 005 | 20140102092045.0 | |
| 010 | @a978-7-5337-7616-9@dCNY26.80 | |
| 100 | @a20181031d2018 em y0chiy0110 ea | |
| 101 | 0 | @achi |
| 102 | @aCN@b340000 | |
| 105 | @ay z 000yy | |
| 106 | @ar | |
| 200 | 1 | @a3分钟糖尿病健康疗法@93 fen zhong tang niao bing jian kang liao fa@f陈广垠主编 |
| 210 | @a合肥@c安徽科学技术出版社@d2019 | |
| 215 | @a214页@d24cm | |
| 330 | @a糖尿病已成为继心脑血管疾病、肿瘤之后,危害人们健康的第三大慢性非传染性疾病,其并发症严重影响患者的身心健康,给个人、家庭和社会带来沉重的负担。本书详细介绍了糖尿病的简单、实用的健康疗法,包括饮食、运动、按摩等方面,每天利用3分钟,即可逐渐缓解病情、降低血糖,减少患者用药的同时控制好病情。内容详实、可操作性强,是一本不可多得的常见病健康枕边书。 | |
| 606 | 0 | @a糖尿病@x治疗 |
| 690 | @aR587.105@v5 | |
| 701 | 0 | @a陈广垠@9chen guang yin@4主编 |
| 801 | 0 | @aCN@b北京卓展@c20191020 |
| 905 | @b1211853-6@dR587.105@e150@f4 | |
| 3分钟糖尿病健康疗法/陈广垠主编.-合肥:安徽科学技术出版社,2019 |
| 214页;24cm |
| ISBN 978-7-5337-7616-9:CNY26.80 |
| 糖尿病已成为继心脑血管疾病、肿瘤之后,危害人们健康的第三大慢性非传染性疾病,其并发症严重影响患者的身心健康,给个人、家庭和社会带来沉重的负担。本书详细介绍了糖尿病的简单、实用的健康疗法,包括饮食、运动、按摩等方面,每天利用3分钟,即可逐渐缓解病情、降低血糖,减少患者用药的同时控制好病情。内容详实、可操作性强,是一本不可多得的常见病健康枕边书。 |
| ● |
| 相关链接 |
|
|
|
|
正题名:3分钟糖尿病健康疗法
索取号:R587.105/150
 
预约/预借
| 序号 | 登录号 | 条形码 | 馆藏地/架位号 | 状态 | 备注 |
| 1 | 1211853 | 212118536 | 第二样本阅览室/ [索取号:R587.105/150] | 在馆 | |
| 2 | 1211854 | 212118545 | 第三借阅区/ [索取号:R587.105/150] | 在馆 | |
| 3 | 1211855 | 212118554 | 第三借阅区/ [索取号:R587.105/150] | 在馆 | |
| 4 | 1211856 | 212118563 | 第三借阅区/ [索取号:R587.105/150] | 在馆 |